Statistiques concernant Les 50... Humoristes français

Cliquez ici pour prendre le quiz!

Statistiques générales

  • Ce quiz a été pris 215 fois
    (68 depuis la dernière actualisation)
  • Le résultat moyen est 22 sur 50

Statistiques - réponses

Réponse% Correct
Coluche
95%
Eric Judor
91%
Gad Elmaleh
91%
Dany Boon
89%
Jérôme Commandeur
86%
Alban Ivanov
84%
Paul Mirabel
84%
Ahmed Sylla
83%
Jamel Debbouze
81%
Mister V
78%
Ramzy Bedia
78%
Arnaud Tsamère
73%
Fabrice Eboué
72%
Jean-Marie Bigard
72%
Jeremy Ferrari
70%
Redouane Bougheraba
66%
Manu Payet
59%
Djimo
56%
Roman Frayssinet
55%
Fary
52%
Waly Dia
50%
Baptiste Lecaplain
48%
Jean-Luc Lemoine
48%
Elie Kakou
42%
Kheiron
39%
Raymond Devos
34%
Guy Bedos
31%
Pierre Desproges
31%
Smaïn
28%
Jonathan Lambert
27%
Vincent Dedienne
25%
Thomas VDB
23%
Bruno Salomone
22%
Tony Saint-Laurent
22%
Gaspard Proust
20%
Benjamin Tranié
19%
Dieudonné M'Bala M'Bala
19%
Roland Magdane
19%
Jean-Yves Lafesse
17%
Thierry Le Luron
17%
Aymeric Lompret
16%
Mustapha El Atrassi
14%
Patrick Bosso
14%
Edgar-Yves
13%
François Rollin
13%
Didier Benureau
8%
Fernand Raynaud
8%
Jean-François Derec
8%
Sellig
6%
John Sulo
3%

Distribution des résultats

Percentile par nombre de réponses

% des personnes avec chaque résultat

Votre développement - résultats

Vous n’avez pas pris ce quiz depuis la dernière actualisation